000 00221 a2200097 4500
001 13632
100 _aSuleman S M
245 _aAlexander the Great
260 _aLondon
_bWeidom Feld & Nicholson
_c
090 _c10626
_d10626
942 _aNUST-CAE
_cM
_c699
999 _c248705
_d248705